[Event "CHN-ch Blitz (Women)"]
[Site "Hohhot"]
[Date "2024.11.14"]
[Round "8"]
[White "Chu, Ruotong"]
[Black "Yan, Tianqi"]
[Result "0-1"]
[WhiteElo "2124"]
[BlackElo "2110"]
[PlyCount "70"]
[EventDate "2024.11.13"]
[EventType "swiss (blitz)"]
[EventRounds "9"]
[EventCountry "CHN"]
[SourceTitle "CB49_2024"]
[SourceDate "2024.12.04"]
[SourceVersion "1"]
[SourceVersionDate "2024.12.04"]
[SourceQuality "1"]

1. d4 Nf6 2. c4 e6 3. Nf3 b6 4. Nc3 Bb7 5. e3 d5 6. Bd3 dxc4 7. Bxc4 Nbd7 8. 0-0 Bb4 9. Bd2 0-0 10. Rc1 c5 11. a3 Bxc3 12. Bxc3 Ne4 13. d5 Nxc3 14. Rxc3 exd5 15. Bxd5 Bxd5 16. Qxd5 Nf6 17. Qc4 Qe7 18. Rd1 h6 19. h3 Rab8 20. a4 Qb7 21. Rcd3 Rfe8 22. Qf4 Re4 23. Rd8+ Rxd8 24. Rxd8+ Re8 25. Rxe8+ Nxe8 26. Qe5 Qd7 27. Nh4 Qd1+ 28. Kh2 Qd6 29. Nf3 Kf8 30. Qxd6+ Nxd6 31. Ne5 f6 32. Nc6 a5 33. Kg3 Kf7 34. Kf4 g5+ 35. Kg4 f5+ 0-1

[Event "CHN-ch Rapid (Women)"]
[Site "Hohhot"]
[Date "2024.11.13"]
[Round "8"]
[White "Chu, Ruotong"]
[Black "Zhang, Xiao"]
[Result "0-1"]
[WhiteElo "2124"]
[BlackElo "1986"]
[PlyCount "138"]
[EventDate "2024.11.12"]
[EventType "swiss (rapid)"]
[EventRounds "9"]
[EventCountry "CHN"]
[SourceTitle "CB49_2024"]
[SourceDate "2024.12.04"]
[SourceVersion "1"]
[SourceVersionDate "2024.12.04"]
[SourceQuality "1"]

1. d4 Nf6 2. Nf3 e6 3. Bf4 b6 4. a4 a5 5. Nc3 Bb7 6. e3 Be7 7. h3 h6 8. Be2 g5 9. Be5 d6 10. Bxf6 Bxf6 11. 0-0 Nd7 12. Nd2 0-0 13. Bf3 Bxf3 14. Qxf3 Bg7 15. Nb5 d5 16. c4 c6 17. Nc3 f5 18. Rac1 Rc8 19. Ne2 Qe7 20. Rc2 Kh7 21. Rfc1 Rf6 22. Ng3 Rcf8 23. Nh5 Rg6 24. cxd5 cxd5 25. Rc7 Bh8 26. Rb7 Rf7 27. Rcc7 Qd6 28. Qe2 Rg8 29. Qb5 Rd8 30. Nf3 Kg6 31. Rc6 Qe7 32. Ng3 Qe8 33. Rd6 Bf6 34. Qc6 Re7 35. Ne2 Rc8 36. Qb5 Rd8 37. Nc3 Qf7 38. Qc6 Nb8 39. Rxe7 Qxe7 40. Ne5+ Kg7 41. Rxd8 Nxc6 42. Rd7 Bxe5 43. Rxe7+ Nxe7 44. dxe5 Ng6 45. Nb5 Nxe5 46. Kf1 Nd3 47. b3 Nc5 48. Nd4 Kf6 49. f4 gxf4 50. exf4 e5 51. fxe5+ Kxe5 52. Nc6+ Ke4 53. Ne7 Nxb3 54. Ng8 d4 55. Nxh6 d3 56. Ke1 Nc5 57. Kd2 Nxa4 58. Nf7 Nb2 59. Nd6+ Ke5 60. Nb5 Ke4 61. Nd6+ Ke5 62. Nb5 Kd5 63. Kc3 Kc5 64. Nd4 a4 65. Nf3 a3 66. h4 Nc4 67. Nd4 d2 68. Nb3+ Kd5 69. Kc2 Ke5 0-1

[Event "CHN-ch Rapid (Women)"]
[Site "Hohhot"]
[Date "2024.11.13"]
[Round "9"]
[White "Liu, Manli"]
[Black "Chu, Ruotong"]
[Result "1-0"]
[WhiteElo "2092"]
[BlackElo "2124"]
[PlyCount "65"]
[EventDate "2024.11.12"]
[EventType "swiss (rapid)"]
[EventRounds "9"]
[EventCountry "CHN"]
[SourceTitle "CB49_2024"]
[SourceDate "2024.12.04"]
[SourceVersion "1"]
[SourceVersionDate "2024.12.04"]
[SourceQuality "1"]

1. e4 e5 2. Nf3 Nf6 3. Nxe5 d6 4. Nf3 Nxe4 5. d4 d5 6. Bd3 Nc6 7. 0-0 Be7 8. c4 Nf6 9. Nc3 0-0 10. h3 Nb4 11. Be2 Bf5 12. a3 Nc6 13. cxd5 Nxd5 14. Bc4 Nb6 15. Ba2 Bf6 16. Be3 h6 17. Qd2 Ne7 18. Rac1 c6 19. Bf4 Ned5 20. Be5 Nxc3 21. bxc3 Qe7 22. Qf4 Bxe5 23. Nxe5 Be6 24. Bb1 Qxa3 25. Rfe1 Nd5 26. Qd2 Ne7 27. Re3 Qd6 28. Rce1 Bf5 29. Nc4 Qg6 30. Rxe7 Bxb1 31. Ne5 Qd6 32. Rd7 Qe6 33. Rxb1 1-0

[Event "CHN-ch Rapid (Women)"]
[Site "Hohhot"]
[Date "2024.11.12"]
[Round "5"]
[White "Hu, Yu A"]
[Black "Chu, Ruotong"]
[Result "1-0"]
[WhiteElo "2106"]
[BlackElo "2124"]
[PlyCount "45"]
[EventDate "2024.11.12"]
[EventType "swiss (rapid)"]
[EventRounds "9"]
[EventCountry "CHN"]
[SourceTitle "CB49_2024"]
[SourceDate "2024.12.04"]
[SourceVersion "1"]
[SourceVersionDate "2024.12.04"]
[SourceQuality "1"]

1. e4 e5 2. Bc4 Nf6 3. d3 c6 4. Nf3 d5 5. Bb3 a5 6. a4 Bb4+ 7. Bd2 dxe4 8. Nxe5 0-0 9. 0-0 Qc7 10. d4 Bd6 11. f4 exf3 12. Nxf3 Ne4 13. Be3 Bg4 14. Qd3 Bxf3 15. Rxf3 Bxh2+ 16. Kh1 Nf6 17. Nc3 Nbd7 18. Raf1 Rae8 19. Bg5 Bd6 20. Rh3 h6 21. Bxf6 Nxf6 22. Rxf6 gxf6 23. Qg6+ 1-0

[Event "CHN-ch Gp-B (Women)"]
[Site "Liaocheng"]
[Date "2024.04.26"]
[Round "11"]
[White "Zhao, Chenyu"]
[Black "Chu, Ruotong"]
[Result "0-1"]
[WhiteElo "1909"]
[BlackElo "2124"]
[PlyCount "166"]
[EventDate "2024.04.21"]
[EventType "swiss"]
[EventRounds "11"]
[EventCountry "CHN"]
[SourceTitle "CBM 219 Extra"]
[Source "ChessBase"]
[SourceDate "2024.05.31"]
[SourceVersion "1"]
[SourceVersionDate "2024.05.31"]
[SourceQuality "1"]

1. e4 e6 2. d4 d5 3. Nd2 dxe4 4. Nxe4 Bd7 5. Bd3 Bc6 6. Nf3 Nd7 7. 0-0 Ngf6 8. Qe2 Be7 9. c3 0-0 10. Neg5 h6 11. Nh3 b6 12. Ne5 Bb7 13. Nf4 c5 14. Re1 cxd4 15. Neg6 Re8 16. Nxe6 Qc8 17. Nxg7 Kxg7 18. Qd2 fxg6 19. Qxh6+ Kg8 20. Qxg6+ Kh8 21. Qh6+ Kg8 22. Qg5+ Kh8 23. Qh4+ Kg7 24. Qg3+ Kh8 25. Bg6 Qc5 26. Qh3+ Kg7 27. cxd4 Qd5 28. Bf5 Qxg2+ 29. Qxg2+ Bxg2 30. Kxg2 Bb4 31. Rg1 Kf7 32. Be3 Rg8+ 33. Kf3 Rxg1 34. Rxg1 Rh8 35. h3 Nf8 36. Rc1 Bd6 37. Rc6 Rh5 38. Bg4 Rd5 39. Ke2 Ne6 40. Rc4 Nxg4 41. hxg4 b5 42. Rc6 Nxd4+ 43. Bxd4 Rxd4 44. Ke3 Rd1 45. Ke2 Rd5 46. Ra6 Bc5 47. Rc6 Re5+ 48. Kf3 Bd4 49. b3 Re1 50. Rd6 Bb6 51. Rd5 b4 52. Kg3 Rg1+ 53. Kf3 Rf1 54. Rd2 Kf6 55. Kg2 Re1 56. f4 Rg1+ 57. Kf3 Rf1+ 58. Ke4 Rf2 59. Rxf2 Bxf2 60. Kd5 Be3 61. Kc4 a5 62. Kb5 Bxf4 63. Kxa5 Bd6 64. Kb5 Kg5 65. Kc6 Bf8 66. Kd5 Kxg4 67. Ke4 Be7 68. Ke3 Kf5 69. Kd4 Kf4 70. Kd3 Kf3 71. Kd2 Ke4 72. Ke2 Kd4 73. Kd2 Bf8 74. Kc2 Ke3 75. Kc1 Kd3 76. Kb2 Kd2 77. Kb1 Kc3 78. Kc1 Bh6+ 79. Kb1 Bg5 80. Ka1 Kc2 81. a3 bxa3 82. Ka2 Be7 83. b4 Bxb4 0-1

[Event "CHN-ch Gp-B (Women)"]
[Site "Liaocheng"]
[Date "2024.04.23"]
[Round "5"]
[White "Cui, Wen"]
[Black "Chu, Ruotong"]
[Result "1-0"]
[WhiteElo "1825"]
[BlackElo "2124"]
[PlyCount "43"]
[EventDate "2024.04.21"]
[EventType "swiss"]
[EventRounds "11"]
[EventCountry "CHN"]
[SourceTitle "CBM 219 Extra"]
[Source "ChessBase"]
[SourceDate "2024.05.31"]
[SourceVersion "1"]
[SourceVersionDate "2024.05.31"]
[SourceQuality "1"]

1. e4 c5 2. Nf3 e6 3. d4 cxd4 4. Nxd4 Nc6 5. Nc3 Qc7 6. Be3 Nf6 7. a3 a6 8. f4 d6 9. Qf3 Be7 10. 0-0-0 0-0 11. Rg1 Nxd4 12. Rxd4 e5 13. Rd2 Bg4 14. Qg3 exf4 15. Qxf4 Rac8 16. Bd4 Be6 17. g4 Nd7 18. g5 Qa5 19. Bf6 Bxf6 20. gxf6 Qe5 21. Rxg7+ Kh8 22. Rxh7+ 1-0

[Event "CHN-chT Div A Finals"]
[Site "Nanjing"]
[Date "2023.12.05"]
[Round "4.4"]
[White "Ding, Yixin"]
[Black "Chu, Ruotong"]
[Result "1-0"]
[WhiteElo "2402"]
[BlackElo "2114"]
[PlyCount "71"]
[EventDate "2023.12.02"]
[EventType "team-tourn"]
[EventRounds "10"]
[EventCountry "CHN"]
[SourceTitle "CBM 217 Extra"]
[Source "ChessBase"]
[SourceDate "2024.01.31"]
[SourceVersion "1"]
[SourceVersionDate "2024.01.31"]
[SourceQuality "1"]
[WhiteTeam "Zhejiang Shaoxing"]
[BlackTeam "Chengdu"]
[WhiteTeamCountry "CHN"]
[BlackTeamCountry "CHN"]

1. c4 e5 2. Nc3 c5 3. Nf3 Nc6 4. g3 d6 5. Bg2 g6 6. 0-0 Bg7 7. d3 Nge7 8. Ne1 Be6 9. Nc2 Qd7 10. Ne3 Bh3 11. Ned5 Bxg2 12. Kxg2 0-0 13. Rb1 Rab8 14. a3 a6 15. b4 cxb4 16. axb4 b5 17. Be3 Kh8 18. f3 f5 19. Bf2 bxc4 20. dxc4 Nxd5 21. Nxd5 e4 22. b5 axb5 23. cxb5 Ne7 24. b6 Rfe8 25. Rc1 Nxd5 26. Qxd5 Qd8 27. Rc7 e3 28. Be1 Re5 29. Qf7 Qg8 30. Qxg8+ Rxg8 31. Bc3 Rb5 32. Rxg7 Rxg7 33. Ra1 h5 34. Ra7 Re5 35. Bxe5 dxe5 36. Rxg7 1-0

[Event "CHN-chT Div A Finals"]
[Site "Nanjing"]
[Date "2023.12.04"]
[Round "3.24"]
[White "Chu, Ruotong"]
[Black "Ding, Yixin"]
[Result "1/2-1/2"]
[WhiteElo "2114"]
[BlackElo "2402"]
[PlyCount "68"]
[EventDate "2023.12.02"]
[EventType "team-tourn"]
[EventRounds "10"]
[EventCountry "CHN"]
[SourceTitle "CBM 217 Extra"]
[Source "ChessBase"]
[SourceDate "2024.01.31"]
[SourceVersion "1"]
[SourceVersionDate "2024.01.31"]
[SourceQuality "1"]
[WhiteTeam "Chengdu"]
[BlackTeam "Zhejiang Shaoxing"]
[WhiteTeamCountry "CHN"]
[BlackTeamCountry "CHN"]

1. c4 Nf6 2. Nf3 e6 3. g3 d5 4. Bg2 dxc4 5. Qa4+ Nbd7 6. Qxc4 a6 7. Qc2 c5 8. Nc3 Be7 9. 0-0 0-0 10. d4 cxd4 11. Nxd4 Nb6 12. Nf3 Bd6 13. Bg5 h6 14. Bxf6 Qxf6 15. Ne4 Qe7 16. Nxd6 Qxd6 17. Rfd1 Qb8 18. Rac1 Bd7 19. Qc5 Nd5 20. e4 Rc8 21. Qd4 Rxc1 22. Rxc1 Nf6 23. Ne5 Be8 24. Nc4 Qc7 25. Rd1 Bc6 26. Nb6 Re8 27. e5 Bxg2 28. Kxg2 Nd5 29. Nxd5 exd5 30. Qxd5 Rxe5 31. Qd8+ Qxd8 32. Rxd8+ Kh7 33. Rd7 Rb5 34. b3 Kg6 1/2-1/2

[Event "CHN-chT (Women)"]
[Site "Hangzhou"]
[Date "2023.05.25"]
[Round "7.1"]
[White "Zhai, Mo"]
[Black "Chu, Ruotong"]
[Result "1-0"]
[WhiteElo "2354"]
[BlackElo "2176"]
[PlyCount "67"]
[EventDate "2023.05.19"]
[EventType "team-swiss"]
[EventRounds "9"]
[EventCountry "CHN"]
[SourceTitle "CBM 214 Extra"]
[Source "ChessBase"]
[SourceDate "2023.07.31"]
[SourceVersion "1"]
[SourceVersionDate "2023.07.31"]
[SourceQuality "1"]
[WhiteTeam "Hebei (W)"]
[BlackTeam "Chengdu (W)"]
[WhiteTeamCountry "CHN"]
[BlackTeamCountry "CHN"]

1. d4 d5 2. c4 dxc4 3. Nf3 Nf6 4. e3 e6 5. Bxc4 c5 6. 0-0 a6 7. Nc3 b5 8. Be2 Nbd7 9. d5 exd5 10. Nxd5 Bb7 11. Nxf6+ Qxf6 12. e4 h6 13. a4 b4 14. Qc2 Be7 15. Be3 0-0 16. Nd2 Qe6 17. Rfe1 Ne5 18. h3 Rfd8 19. f4 Nc6 20. Bc4 Qg6 21. Nf3 Rac8 22. Rac1 Qh5 23. Qf2 Na5 24. Be2 Qg6 25. Ne5 Qb6 26. Bh5 f6 27. Ng6 Bd6 28. e5 fxe5 29. fxe5 Bf8 30. e6 Qxe6 31. Bg5 Qb3 32. Bxd8 Rxd8 33. Nxf8 Rxf8 34. Qxf8+ 1-0

[Event "CHN-chT (Women)"]
[Site "Hangzhou"]
[Date "2023.05.22"]
[Round "4.1"]
[White "Chu, Ruotong"]
[Black "Wang, Chuqiao"]
[Result "1/2-1/2"]
[WhiteElo "2176"]
[BlackElo "2021"]
[PlyCount "67"]
[EventDate "2023.05.19"]
[EventType "team-swiss"]
[EventRounds "9"]
[EventCountry "CHN"]
[SourceTitle "CBM 214 Extra"]
[Source "ChessBase"]
[SourceDate "2023.07.31"]
[SourceVersion "1"]
[SourceVersionDate "2023.07.31"]
[SourceQuality "1"]
[WhiteTeam "Chengdu (W)"]
[BlackTeam "Chongqing (W)"]
[WhiteTeamCountry "CHN"]
[BlackTeamCountry "CHN"]

1. d4 d5 2. c4 e6 3. Nf3 Nf6 4. g3 Bb4+ 5. Bd2 Be7 6. Bg2 0-0 7. 0-0 c6 8. Qc2 b6 9. b3 Nbd7 10. Bc3 Bb7 11. Nbd2 c5 12. Rac1 Rc8 13. Qb1 dxc4 14. Nxc4 b5 15. Ncd2 cxd4 16. Bxd4 Bc5 17. b4 Bxd4 18. Nxd4 Bxg2 19. Kxg2 Ne5 20. Rxc8 Qxc8 21. Rc1 Qb7+ 22. Kg1 Rd8 23. N4f3 Nxf3+ 24. Nxf3 Rc8 25. Rxc8+ Qxc8 26. Qd3 Qd7 27. Qxd7 Nxd7 28. Nd4 a6 29. Nc6 f6 30. e4 Kf7 31. f4 e5 32. f5 Nb6 33. Nb8 Na4 34. Nxa6 1/2-1/2

[Event "CHN-chT (Women)"]
[Site "Hangzhou"]
[Date "2023.05.21"]
[Round "3.1"]
[White "Liu, Manli"]
[Black "Chu, Ruotong"]
[Result "1/2-1/2"]
[WhiteElo "2024"]
[BlackElo "2176"]
[PlyCount "65"]
[EventDate "2023.05.19"]
[EventType "team-swiss"]
[EventRounds "9"]
[EventCountry "CHN"]
[SourceTitle "CBM 214 Extra"]
[Source "ChessBase"]
[SourceDate "2023.07.31"]
[SourceVersion "1"]
[SourceVersionDate "2023.07.31"]
[SourceQuality "1"]
[WhiteTeam "Guangdong (W)"]
[BlackTeam "Chengdu (W)"]
[WhiteTeamCountry "CHN"]
[BlackTeamCountry "CHN"]

1. e4 e5 2. Nf3 Nf6 3. d4 Nxe4 4. Nxe5 d5 5. Bd3 Nd7 6. Nxd7 Bxd7 7. 0-0 Bd6 8. Nc3 Nxc3 9. bxc3 0-0 10. Qh5 f5 11. Re1 g6 12. Qf3 Bc6 13. Bf4 Re8 14. Rxe8+ Qxe8 15. Bxd6 cxd6 16. Qf4 Qe7 17. c4 dxc4 18. Bxc4+ Kg7 19. h4 Qe4 20. Qxe4 Bxe4 21. Re1 Re8 22. Bd5 Kf8 23. Bxe4 fxe4 24. Re3 Rc8 25. c3 d5 26. f3 exf3 27. Rxf3+ Ke7 28. Kf2 Ke6 29. Re3+ Kd6 30. Rf3 Ke6 31. Re3+ Kd6 32. Rf3 Ke6 33. Re3+ 1/2-1/2

[Event "China zt 3.5 (Women)"]
[Site "Shenzhen"]
[Date "2023.04.09"]
[Round "5"]
[White "Liu, Manli"]
[Black "Chu, Ruotong"]
[Result "1/2-1/2"]
[WhiteElo "2137"]
[BlackElo "2197"]
[PlyCount "63"]
[EventDate "2023.04.05"]
[EventType "swiss"]
[EventRounds "9"]
[EventCountry "CHN"]
[SourceTitle "CBM 213 Extra"]
[Source "ChessBase"]
[SourceDate "2023.05.31"]
[SourceVersion "1"]
[SourceVersionDate "2023.05.31"]
[SourceQuality "1"]

1. e4 e5 2. Nf3 Nf6 3. Nxe5 d6 4. Nf3 Nxe4 5. d4 d5 6. Bd3 Be7 7. 0-0 Bf5 8. Re1 0-0 9. c4 Nc6 10. cxd5 Qxd5 11. Nc3 Nxc3 12. bxc3 Bxd3 13. Qxd3 Rae8 14. Bf4 Qd7 15. Qb5 Bd6 16. Bd2 b6 17. c4 Nb8 18. Qxd7 Nxd7 19. a4 f6 20. a5 Rxe1+ 21. Bxe1 Re8 22. Kf1 Re4 23. Rd1 Kf7 24. Bc3 Ke8 25. Nd2 Re7 26. Ra1 Nb8 27. Nb3 c6 28. axb6 axb6 29. h3 Rb7 30. Ke2 Nd7 31. Kd3 Kd8 32. Ra2 1/2-1/2

[Event "CHN-chT (Women)"]
[Site "Nanjing"]
[Date "2023.02.21"]
[Round "8.1"]
[White "Chu, Ruotong"]
[Black "Liu, Manli"]
[Result "1/2-1/2"]
[WhiteElo "2217"]
[BlackElo "2192"]
[PlyCount "56"]
[EventDate "2023.02.14"]
[EventType "team-swiss"]
[EventRounds "9"]
[EventCountry "CHN"]
[SourceTitle "CBM 212 Extra"]
[Source "ChessBase"]
[SourceDate "2023.03.31"]
[SourceVersion "1"]
[SourceVersionDate "2023.03.31"]
[SourceQuality "1"]
[WhiteTeam "Chengdu (W)"]
[BlackTeam "Guangdong (W)"]
[WhiteTeamCountry "CHN"]
[BlackTeamCountry "CHN"]

1. c4 e6 2. g3 d5 3. Bg2 Nf6 4. Nf3 d4 5. e3 Nc6 6. 0-0 Bc5 7. d3 0-0 8. exd4 Nxd4 9. Nbd2 a5 10. Nb3 Nxf3+ 11. Bxf3 Be7 12. d4 Ra7 13. Be3 b6 14. Nc1 Bb7 15. Bxb7 Rxb7 16. Qf3 Qa8 17. Nd3 Ra7 18. Qxa8 Raxa8 19. Ne5 Bd6 20. Nc6 Nd7 21. Rac1 Rfe8 22. Rfd1 f6 23. a3 Bf8 24. Bf4 Bd6 25. Be3 Bf8 26. Bf4 Bd6 27. Be3 Bf8 28. Bf4 Bd6 1/2-1/2

[Event "CHN-chT (Women)"]
[Site "Nanjing"]
[Date "2023.02.16"]
[Round "3.1"]
[White "Bai, Xue"]
[Black "Chu, Ruotong"]
[Result "1/2-1/2"]
[WhiteElo "2102"]
[BlackElo "2217"]
[PlyCount "50"]
[EventDate "2023.02.14"]
[EventType "team-swiss"]
[EventRounds "9"]
[EventCountry "CHN"]
[SourceTitle "CBM 212 Extra"]
[Source "ChessBase"]
[SourceDate "2023.03.31"]
[SourceVersion "1"]
[SourceVersionDate "2023.03.31"]
[SourceQuality "1"]
[WhiteTeam "Zhejiang (W)"]
[BlackTeam "Chengdu (W)"]
[WhiteTeamCountry "CHN"]
[BlackTeamCountry "CHN"]

1. d4 d5 2. c4 e6 3. Nf3 Nf6 4. Nc3 Nbd7 5. cxd5 exd5 6. Bg5 c6 7. Qc2 Be7 8. e3 Nh5 9. Bxe7 Qxe7 10. Be2 g6 11. h3 0-0 12. 0-0 Ndf6 13. b3 Ng7 14. Qb2 Re8 15. b4 Bf5 16. Ne5 Nd7 17. Nxd7 Bxd7 18. b5 h5 19. bxc6 bxc6 20. Qb7 a5 21. Rfc1 Rab8 22. Qa7 Ra8 23. Qb7 Rab8 24. Qa7 Ra8 25. Qb7 Rab8 1/2-1/2

[Event "CHN-chT Div A"]
[Site "Liaocheng"]
[Date "2023.02.11"]
[Round "6.2"]
[White "Zhao, Shengxin"]
[Black "Chu, Ruotong"]
[Result "1/2-1/2"]
[WhiteElo "2132"]
[BlackElo "2217"]
[PlyCount "61"]
[EventDate "2023.02.06"]
[EventType "team-tourn"]
[EventRounds "6"]
[EventCountry "CHN"]
[SourceTitle "CBM 212 Extra"]
[Source "ChessBase"]
[SourceDate "2023.03.31"]
[SourceVersion "1"]
[SourceVersionDate "2023.03.31"]
[SourceQuality "1"]
[WhiteTeam "Hangzhou Zhenjiang"]
[BlackTeam "Chengdu Beilei"]
[WhiteTeamCountry "CHN"]
[BlackTeamCountry "CHN"]

1. d4 Nf6 2. c4 g6 3. Nc3 d5 4. cxd5 Nxd5 5. e4 Nxc3 6. bxc3 Bg7 7. Nf3 c5 8. Be3 Bg4 9. Qd2 cxd4 10. cxd4 Nc6 11. Bb5 Bxf3 12. gxf3 0-0 13. Bxc6 bxc6 14. 0-0 c5 15. Rfd1 cxd4 16. Bxd4 Qxd4 17. Qxd4 Bxd4 18. Rxd4 Rfd8 19. Rad1 Rxd4 20. Rxd4 Rc8 21. Rd7 a5 22. Rxe7 Rc2 23. Kg2 Rxa2 24. f4 Kf8 25. Ra7 a4 26. Kf3 Ra3+ 27. Ke2 Ra2+ 28. Ke3 Ra3+ 29. Ke2 Ra2+ 30. Ke3 Ra3+ 31. Ke2 1/2-1/2

[Event "CHN-chT Div A"]
[Site "Liaocheng"]
[Date "2023.02.09"]
[Round "4.1"]
[White "Chu, Ruotong"]
[Black "Shao, Qiyu"]
[Result "1/2-1/2"]
[WhiteElo "2217"]
[BlackElo "1544"]
[PlyCount "60"]
[EventDate "2023.02.06"]
[EventType "team-tourn"]
[EventRounds "6"]
[EventCountry "CHN"]
[SourceTitle "CBM 212 Extra"]
[Source "ChessBase"]
[SourceDate "2023.03.31"]
[SourceVersion "1"]
[SourceVersionDate "2023.03.31"]
[SourceQuality "1"]
[WhiteTeam "Chengdu Beilei"]
[BlackTeam "Qingdao Qingwei"]
[WhiteTeamCountry "CHN"]
[BlackTeamCountry "CHN"]

1. d4 d5 2. Nf3 Nf6 3. g3 e6 4. Bg2 c5 5. 0-0 Nc6 6. b3 cxd4 7. Nxd4 Bc5 8. Bb2 Nxd4 9. Bxd4 Bxd4 10. Qxd4 0-0 11. c4 dxc4 12. Qxc4 Qb6 13. Nc3 Bd7 14. Na4 Bxa4 15. Qxa4 Rfd8 16. Rfd1 h6 17. Qf4 Qa6 18. Rxd8+ Rxd8 19. Qc7 Rd7 20. Qc8+ Kh7 21. Qc2+ g6 22. Qb2 Ne8 23. Rc1 Qd6 24. Bf3 Rc7 25. Rxc7 Qxc7 26. h4 Ng7 27. Qd4 b6 28. Qf6 Ne8 29. Qd4 Qd6 30. Qa4 Qe7 1/2-1/2